000 00689cab a2200217 4500
001 ABS46996
008 090401t1992 xxu||||| |||| 00| 0 eng d
035 _a(Sirsi) u60313
041 _aeng
245 _aRolling-over tax on property gains
260 _c1992
350 _a0
490 _aProperty Finance
_vJuly 1992, 81-82(2)
520 _aPoints out how roll-over relief can be utilised by group companies and in the long run for investment properties. Also runs through the basic requirements for eligibility for the relief.
650 _aGROUP COMPANIES
650 _aINVESTMENT
650 _aROLL-OVER RELIEF
690 _aTAXATION
942 _n0
948 _c04/03/1997
999 _c37171
_d37171